000
00284nam a2200133Ia 4500
100
_a
Everest/ G.C
942
_c
BK
654
_a
Database Management
245
_a
Database Management
260
_b
McGraw Hill
_a
New York
_c
1986
082
_a
1.6
300
_a
816
546
_a
ENGLISH
999
_c
18892
_d
18892